De la vida y obras de lo gobernantes Inkas : (Record no. 23111)

000 -CABECERA
fixed length control field 01085nam a22002537i 4500
003 - IDENTIFICADOR DEL NÚMERO DE CONTROL
control field AR-CdUCM
008 - DATOS DE LONGITUD FIJA--INFORMACIÓN GENERAL
fixed length control field 241104b20212021 pe||||| |||| 00| 0 spa d
020 ## - NÚMERO INTERNACIONAL ESTÁNDAR DEL LIBRO
ISBN 978-612-00-7162-5
040 ## - FUENTE DE LA CATALOGACIÓN
Agencia/entidad que catalogó originalmente la obra MUNICIPALIDAD PROVINCIAL DEL CUSCO
Entidad que transcribió la catalogación BIBLIOTECA MUNICIPAL DEL CUSCO
082 ## - NÚMERO DE LA CLASIFICACIÓN DECIMAL DEWEY
No. de Clasificación 985.0191 / V21
Notacion interna V21
100 ## - ENTRADA PRINCIPAL--NOMBRE DE PERSONA
Nombre Personal Valer Farfan, Amadeo
245 ## - MENCIÓN DE TÍTULO
Título De la vida y obras de lo gobernantes Inkas :
Resto del título El libro del bicentenario del Perú /
260 ## - PUBLICACIÓN, DISTRIBUCIÓN, ETC.
Lugar de publicación, distribución, etc. Cusco :
Fecha de publicación, distribución, etc. 2021
300 ## - DESCRIPCIÓN FÍSICA
Nº de Páginas Extensión 157 páginas. :
Dimensiones 24 cm
500 ## - NOTA GENERAL
Bibliografía Bibliografía: páginas 158-159
505 ## - NOTA DE CONTENIDO CON FORMATO
Nota de contenido formateada Origen mítico de la sociedad Inka y sus posibles ubicaciones geográficas actuales -- Los gobernantes míticos e históricos de las dinastías urin y hanan en su pugna por el poder -- La guerra civil Inka, decadencia y la intromisión europea -- La gran recistencia patriotica Inka
650 ## - PUNTO DE ACCESO ADICIONAL DE MATERIA--TÉRMINO DE MATERIA
Descriptor Origen mítico
9 (RLIN) 50775
650 ## - PUNTO DE ACCESO ADICIONAL DE MATERIA--TÉRMINO DE MATERIA
Descriptor Los gobernantes Inkas
9 (RLIN) 50776
650 ## - PUNTO DE ACCESO ADICIONAL DE MATERIA--TÉRMINO DE MATERIA
Descriptor Guerra cil Inka
9 (RLIN) 50777
650 ## - PUNTO DE ACCESO ADICIONAL DE MATERIA--TÉRMINO DE MATERIA
Descriptor Taki Onqoy
9 (RLIN) 46354
942 ## - ELEMENTOS DE PUNTO DE ACCESO ADICIONAL (KOHA)
Fuente de clasificación
Tipo de item Libros-BMC
945 ## - PROCESAMIENTO DE INFORMACIÓN LOCAL (OCLC)
Catalogador pbj
AAAA-MM-DD - Fecha de ingreso o modificacion 04-11-2024
Holdings
Estado de retiro (separado) Fuente de clasificación o esquema de estanterías Estado dañado Ubicación Sala donde se ubica Nombre de la colección Fecha de adquisición o compra Fuente de adquisición Costo, precio normal en soles Signatura topográfica Código de Barras Última vez visto (Koha) Tipo de ítem (Koha)
No     Sala Humanidades Sala Humanidades Book Cart 2024-11-04 Donación 20.00 985.0191 / V21 SH0000016842 2024-11-04 Libros-BMC

Powered by Koha